Farmers, Monks and Aristocrats (Record no. 93514)
[ view plain ]
| 000 -LEADER | |
|---|---|
| fixed length control field | 01924nam a2200277Ii 4500 |
| 008 - FIXED-LENGTH DATA ELEMENTS--GENERAL INFORMATION | |
| fixed length control field | 221202s xx 000 0 und d |
| 100 1# - MAIN ENTRY--PERSONAL NAME | |
| Personal name | Johnstone, Cluny, |
| Relator term | author |
| 245 #0 - TITLE STATEMENT | |
| Title | Farmers, Monks and Aristocrats |
| 246 ## - VARYING FORM OF TITLE | |
| Title proper/short title | The environmental archaeology of Anglo-Saxon Flixborough |
| 264 #1 - PRODUCTION, PUBLICATION, DISTRIBUTION, MANUFACTURE, AND COPYRIGHT NOTICE | |
| Place of production, publication, distribution, manufacture | [Place of publication not identified] : |
| Name of producer, publisher, distributor, manufacturer | [Publisher not identified], |
| Date of production, publication, distribution, manufacture, or copyright notice | 2007 |
| 300 ## - PHYSICAL DESCRIPTION | |
| Extent | 1 online resource |
| 336 ## - CONTENT TYPE | |
| Content type term | text |
| Content type code | txt |
| Source | rdacontent |
| 337 ## - MEDIA TYPE | |
| Media type term | computer |
| Media type code | c |
| Source | rdamedia |
| 338 ## - CARRIER TYPE | |
| Carrier type term | online resource |
| Carrier type code | cr |
| Source | rdacarrier |
| 520 ## - SUMMARY, ETC. | |
| Summary, etc. | The environmental archaeological evidence from the site of Flixborough (in particular the animal bone assemblage) provides a series of unique insights into Anglo-Saxon life in England during the 8th to 10th centuries. The research reveals detailed evidence for the local and regional environment, many aspects of the local and regional agricultural economy, changing resource exploitation strategies and the extent of possible trade and exchange networks. Perhaps the most important conclusions have been gleaned from the synthesis of these various lines of evidence, viewed in a broader archaeological context. Thus, bioarchaeological data from Flixborough have documented for the first time, in a detailed and systematic way, the significant shift in social and economic aspects of wider Anglo-Saxon life during the 9th century AD., and comment on the possible role of external factors such as the arrival of Scandinavians in the life and development of the settlement. |
| 653 ## - INDEX TERM--UNCONTROLLED | |
| Uncontrolled term | Archaeology |
| 653 ## - INDEX TERM--UNCONTROLLED | |
| Uncontrolled term | Europe |
| 653 ## - INDEX TERM--UNCONTROLLED | |
| Uncontrolled term | History |
| 653 ## - INDEX TERM--UNCONTROLLED | |
| Uncontrolled term | Medieval |
| 653 ## - INDEX TERM--UNCONTROLLED | |
| Uncontrolled term | Social Science |
| 700 1# - ADDED ENTRY--PERSONAL NAME | |
| Personal name | Barrett, James |
| 700 1# - ADDED ENTRY--PERSONAL NAME | |
| Personal name | Dobney, K. M. |
| 700 1# - ADDED ENTRY--PERSONAL NAME | |
| Personal name | Jaques, D. |
| 856 ## - ELECTRONIC LOCATION AND ACCESS | |
| Uniform Resource Identifier | <a href="https://docs.google.com/spreadsheets/d/1yKIrdCPDAG_9c22mwoOIO2DOhtj65Wqa/edit?usp=sharing&ouid=106555315294820607512&rtpof=true&sd=true ">https://docs.google.com/spreadsheets/d/1yKIrdCPDAG_9c22mwoOIO2DOhtj65Wqa/edit?usp=sharing&ouid=106555315294820607512&rtpof=true&sd=true </a> |
| Link text | List of Curated E-Books |
| 942 ## - ADDED ENTRY ELEMENTS (KOHA) | |
| Koha item type | E-Book |
No items available.